000
00199 a2200097 4500
020
_a
9780771046544
041
_a
eng
100
_a
Michele Landsberg
245
_a
This is new york honey
942
_c
BK
999
_c
13806
_d
13806